Writing for business:expert solution to every day challenges (Record no. 190224)

MARC details
000 -LEADER
fixed length control field 00379nam a22001457a 4500
003 - CONTROL NUMBER IDENTIFIER
control field OSt
020 ## - INTERNATIONAL STANDARD BOOK NUMBER
International Standard Book Number 9781422114728
082 ## - DEWEY DECIMAL CLASSIFICATION NUMBER
Classification number 808.06
Item number HAR/WR
100 ## - MAIN ENTRY--PERSONAL NAME
Personal name Havard business school press
245 ## - TITLE STATEMENT
Title Writing for business:expert solution to every day challenges
250 ## - EDITION STATEMENT
Edition statement 1
260 ## - PUBLICATION, DISTRIBUTION, ETC. (IMPRINT)
Place of publication, distribution, etc. Boston
Name of publisher, distributor, etc. Harvard business school press
Date of publication, distribution, etc. 2007
300 ## - PHYSICAL DESCRIPTION
Extent 83p.
942 ## - ADDED ENTRY ELEMENTS (KOHA)
Source of classification or shelving scheme Dewey Decimal Classification
Koha item type Books (General)
Holdings
Withdrawn status Lost status Source of classification or shelving scheme Damaged status Not for loan Collection code Home library Current library Shelving location Date acquired Cost, normal purchase price Total Checkouts Full call number Date last seen Price effective from Koha item type
    Dewey Decimal Classification     Malayalam College of Co-operation, Banking & Management Library, Vellanikkara College of Co-operation, Banking & Management Library, Vellanikkara   15/11/2017 195.00   808.06 HAR/WR 15/11/2017 15/11/2017 Books (General)
Kerala Agricultural University Central Library
Thrissur-(Dt.), Kerala Pin:- 680656, India
Ph : (+91)(487) 2372219
E-mail: librarian@kau.in
Website: http://library.kau.in/